Μηχανοτρονικός σχεδιασμός

Αποθηκεύτηκε σε:
Λεπτομέρειες βιβλιογραφικής εγγραφής
Κύριος συγγραφέας: Γαστεράτος, Αντώνιος Χ.
Μορφή: Βιβλίο
Γλώσσα:Greek
Δημοσίευση: Αθήνα : Τσότρας, 2017-2018.
Θέματα:
Ετικέτες: Προσθήκη ετικέτας
Δεν υπάρχουν, Καταχωρήστε ετικέτα πρώτοι!

MARC

LEADER 00000cam a2200000 a 4500
001 1/118066
008 190212m20172018gr | ||| |||| ||gre||
020 |a 9786185309435   |q (τ. 1)  
020 |a 9786185309434   |q (τ. 2)  
040 |a GR-MyUa  |b gre  |c GR-MyUa  |e AACR2 
041 0 |a gre 
082 7 |a 621   |2 (23) 
100 1 |a Γαστεράτος, Αντώνιος Χ. 
245 1 0 |a Μηχανοτρονικός σχεδιασμός /   |c Αντώνιος Χ. Γαστεράτος.  
260 |a Αθήνα :   |b Τσότρας,   |c 2017-2018. 
300 |a 2 τ. :   |b σχ. ;   |c 24 εκ.  
500 |a Τ. 1., 3η έκδ.  
504 |a Περιλαμβάνει βιβλιογραφία και ευρετήριο.  
505 8 |a Τ. 1. Στοιχεία ηλεκτρονικής -- τ. 2. Μικροελεγκτές, αισθητήρια, ενεργοποιητές.  
650 0 |a Mechatronics. 
852 |a INST  |b SAMOS  |c EUDOXUS  |e 20230509  |h 621 ΓΑΣ  |p 005300047988  |q 005300047988  |t EDX  |v τομ.1:  |y 0 
852 |a INST  |b SYROS  |c EUDOXUS  |e 20190212  |h 621 ΓΑΣ  |p 005500013766  |q 005500013766  |t EDX  |v τομ.2:  |y 0 
852 |a INST  |b SYROS  |c EUDOXUS  |e 20190212  |h 621 ΓΑΣ  |p 005500013767  |q 005500013767  |t EDX  |v τομ.1:  |y 0 
853 |a INST  |b SAMOS  |c EUDOXUS  |h 621 ΓΑΣ 
853 |a INST  |b SYROS  |c EUDOXUS  |h 621 ΓΑΣ 
920 |a Εύδοξος  |b Παραγγελία  |y Σύρος-ΤΜΣΠΣ  |z 2019-02 
920 |a Εύδοξος  |b Παραγγελία  |y Σάμος-ΤΜΠΕΣ  |z 2023-05 
970 |a Κοντού  |b Παρασκευή  |z 12/02/2019